[Event "Dubai op-A 25th"]
[Site "Dubai"]
[Date "2025.06.02"]
[Round "7"]
[White "Muradli, Mahammad"]
[Black "Movahed, Sina"]
[Result "0-1"]
[WhiteElo "2603"]
[BlackElo "2518"]
[PlyCount "84"]
[EventDate "2025.05.27"]
[EventType "swiss"]
[EventRounds "9"]
[EventCountry "UAE"]
[SourceTitle "CB23_2025"]
[SourceDate "2025.06.04"]
[SourceVersion "1"]
[SourceVersionDate "2025.06.04"]
[SourceQuality "1"]

1. Nf3 Nf6 2. c4 e6 3. Nc3 d5 4. e3 Bd6 5. b3 0-0 6. Bb2 Nc6 7. a3 Re8 8. Qc2 d4 9. Ne2 e5 10. Ng3 a5 11. c5 Bf8 12. Bb5 Bd7 13. 0-0 Nb4 14. Qc4 c6 15. axb4 cxb5 16. Qc1 Bc6 17. Rxa5 Rxa5 18. bxa5 Bxf3 19. gxf3 Qd5 20. b4 h5 21. Qd1 Qc4 22. Ba3 h4 23. Ne4 Nxe4 24. fxe4 Qd3 25. Bc1 Qxe4 26. d3 Qg6+ 27. Kh1 e4 28. dxe4 dxe3 29. fxe3 Rxe4 30. Bd2 Qe6 31. Qf3 f6 32. h3 Be7 33. Qf5 Qc6 34. Kg1 Re5 35. Qf3 Qd7 36. Rf2 Rg5+ 37. Kf1 Qd3+ 38. Qe2 Qe4 39. Qxb5 Bd6 40. Ke2 Bg3 41. Rf3 Rd5 42. a6 Qc2 0-1

[Event "Dubai op-A 25th"]
[Site "Dubai"]
[Date "2025.05.28"]
[Round "2"]
[White "Muthaiah, Al"]
[Black "Muradli, Mahammad"]
[Result "0-1"]
[WhiteElo "2487"]
[BlackElo "2603"]
[PlyCount "114"]
[EventDate "2025.05.27"]
[EventType "swiss"]
[EventRounds "9"]
[EventCountry "UAE"]
[SourceTitle "CB23_2025"]
[SourceDate "2025.06.04"]
[SourceVersion "1"]
[SourceVersionDate "2025.06.04"]
[SourceQuality "1"]

1. d4 Nf6 2. c4 e6 3. Nc3 Bb4 4. Bd2 c5 5. dxc5 Bxc5 6. Nf3 0-0 7. g3 d5 8. cxd5 exd5 9. Bg2 Nc6 10. 0-0 h6 11. Rc1 a6 12. Na4 Ba7 13. Nc5 Qe7 14. Nb3 Re8 15. e3 Bg4 16. h3 Bh5 17. Bc3 Rad8 18. Nbd4 Bxd4 19. Bxd4 Ne4 20. Re1 Ng5 21. g4 Nxf3+ 22. Bxf3 Bg6 23. Bg2 Be4 24. f3 Bg6 25. Qd2 f5 26. a3 Rd7 27. b4 fxg4 28. hxg4 h5 29. gxh5 Bxh5 30. Qf2 Qf7 31. f4 Bg6 32. Rcd1 Bf5 33. Ba1 Re6 34. Kf1 Rg6 35. Rd2 Be4 36. Qh4 Qe6 37. Bh3 Bf5 38. Rh2 Rh6 39. Bxf5 Qxf5 40. Qg3 Qd3+ 41. Kf2 Rxh2+ 42. Qxh2 Rd6 43. Qh3 Ne7 44. Be5 Rh6 45. Qg2 Nf5 46. Re2 b5 47. e4 dxe4 48. Rxe4 Kh7 49. Re2 Rh3 50. Qe4 Qg3+ 51. Kf1 Kh6 52. Qc6+ g6 53. Qa8 Kh5 54. Qh8+ Kg4 55. Qa8 Qd3 56. Ke1 Qb1+ 57. Kd2 Rd3# 0-1

[Event "Baku op-A"]
[Site "Baku"]
[Date "2025.05.06"]
[Round "9"]
[White "Muradli, Mahammad"]
[Black "Ibrahimli, Murad Sultanali"]
[Result "1/2-1/2"]
[WhiteElo "2603"]
[BlackElo "2421"]
[PlyCount "71"]
[EventDate "2025.04.28"]
[EventType "swiss"]
[EventRounds "9"]
[EventCountry "AZE"]
[SourceTitle "CB19_2025"]
[SourceDate "2025.05.07"]
[SourceVersion "1"]
[SourceVersionDate "2025.05.07"]
[SourceQuality "1"]

1. d4 d5 2. c4 c6 3. Nc3 Nf6 4. Nf3 dxc4 5. a4 Bf5 6. Ne5 Nbd7 7. Nxc4 Qc7 8. g3 e5 9. dxe5 Nxe5 10. Bf4 Nfd7 11. Bg2 g5 12. Ne3 gxf4 13. Nxf5 0-0-0 14. Qc2 fxg3 15. hxg3 Kb8 16. Kf1 a5 17. Ne4 Bb4 18. Rh5 Ng4 19. Bf3 Ngf6 20. Nxf6 Nxf6 21. Rh4 h5 22. Nd4 Ng4 23. e3 Be7 24. Rh3 Bf6 25. Nb3 Qb6 26. Kg2 Qb4 27. Rah1 h4 28. Bxg4 Qxg4 29. Nxa5 hxg3 30. Rxg3 Qb4 31. Rxh8 Rxh8 32. Nc4 Qe1 33. Kf3 Bh4 34. Rh3 Rh6 35. Qd2 Rf6+ 36. Ke4 1/2-1/2

[Event "Baku op-A"]
[Site "Baku"]
[Date "2025.05.04"]
[Round "7"]
[White "Shogdzhiev, Roman Sav"]
[Black "Muradli, Mahammad"]
[Result "0-1"]
[WhiteElo "2329"]
[BlackElo "2603"]
[PlyCount "154"]
[EventDate "2025.04.28"]
[EventType "swiss"]
[EventRounds "9"]
[EventCountry "AZE"]
[SourceTitle "CB19_2025"]
[SourceDate "2025.05.07"]
[SourceVersion "1"]
[SourceVersionDate "2025.05.07"]
[SourceQuality "1"]

1. e4 c5 2. Nf3 d6 3. d4 cxd4 4. Nxd4 Nf6 5. Nc3 a6 6. Bg5 e6 7. f4 h6 8. Bh4 Qb6 9. a3 Nbd7 10. Bf2 Qc7 11. Qf3 b5 12. 0-0-0 Bb7 13. Bd3 Be7 14. g4 g5 15. f5 e5 16. Nb3 h5 17. h3 h4 18. Kb1 Rg8 19. Rhe1 Rb8 20. Qe3 Ba8 21. Qa7 Qxa7 22. Bxa7 Rc8 23. Bg1 Bd8 24. a4 bxa4 25. Nxa4 Bc6 26. Nc3 Ra8 27. Bc4 Ke7 28. Nd5+ Bxd5 29. Bxd5 Rb8 30. Rd3 Bb6 31. Bxb6 Rxb6 32. Rc3 Rgb8 33. Na5 Kf8 34. Nc4 Rb5 35. Nxd6 Rxb2+ 36. Kc1 R2b6 37. Nc8 Rb5 38. Nd6 Ra5 39. Rd1 Nc5 40. Rc4 Ncxe4 41. Rxe4 Nxd5 42. Rxe5 Ra1+ 43. Kd2 Rxd1+ 44. Kxd1 Nf4 45. c4 Rd8 46. c5 Nd3 47. Rd5 Nxc5 48. Rxc5 Rxd6+ 49. Ke2 Kg7 50. Rc7 Rb6 51. Kf2 Rb3 52. Kg2 a5 53. Ra7 Ra3 54. Ra6 a4 55. Kh2 Ra2+ 56. Kg1 Ra3 57. f6+ Kh6 58. Kh2 Kg6 59. Ra5 Ra2+ 60. Kg1 Kxf6 61. Rf5+ Kg6 62. Ra5 a3 63. Ra6+ Kg7 64. Ra5 Kf6 65. Rf5+ Ke6 66. Ra5 Kd6 67. Kh1 Kc6 68. Kg1 Kb6 69. Ra8 Kc5 70. Ra4 Kb5 71. Ra7 Kc4 72. Rc7+ Kd4 73. Rd7+ Ke4 74. Ra7 Kf4 75. Rc7 Rb2 76. Rc4+ Ke5 77. Rc5+ Kd4 0-1

[Event "Baku op-A"]
[Site "Baku"]
[Date "2025.04.28"]
[Round "1"]
[White "Aslanov, Umid Fuad"]
[Black "Muradli, Mahammad"]
[Result "0-1"]
[WhiteElo "2324"]
[BlackElo "2603"]
[PlyCount "78"]
[EventDate "2025.04.28"]
[EventType "swiss"]
[EventRounds "9"]
[EventCountry "AZE"]
[SourceTitle "CB19_2025"]
[SourceDate "2025.05.07"]
[SourceVersion "1"]
[SourceVersionDate "2025.05.07"]
[SourceQuality "1"]

1. e4 c5 2. Nf3 d6 3. d4 cxd4 4. Nxd4 Nf6 5. Nc3 a6 6. Bc4 e6 7. Bb3 Nc6 8. Be3 Na5 9. Qe2 b5 10. f3 Be7 11. g4 Nxb3 12. cxb3 Bb7 13. 0-0-0 0-0 14. h4 b4 15. Na4 d5 16. Nc2 Qa5 17. e5 Nd7 18. Bg5 Bd8 19. Bxd8 Rfxd8 20. g5 Bc6 21. Kb1 Bxa4 22. bxa4 Qxa4 23. Nd4 Rdc8 24. h5 Nc5 25. Qe3 Qe8 26. Rdg1 Rc7 27. f4 Ne4 28. g6 Rac8 29. f5 exf5 30. gxh7+ Kh8 31. Qf4 Rc4 32. Rd1 Qa4 33. e6 Nc3+ 34. bxc3 bxc3 35. Ka1 c2 36. Rc1 Rxd4 37. Qg3 Rd1 38. Qe3 Rxh1 39. Rxh1 Qe4 0-1

[Event "Karlsruhe Grenke op"]
[Site "Karlsruhe"]
[Date "2025.04.20"]
[Round "7"]
[White "Muradli, Mahammad"]
[Black "Schneider, Ilja"]
[Result "1-0"]
[WhiteElo "2588"]
[BlackElo "2408"]
[PlyCount "83"]
[EventDate "2025.04.17"]
[EventType "swiss"]
[EventRounds "9"]
[EventCountry "GER"]
[SourceTitle "CB17_2025"]
[SourceDate "2025.04.23"]
[SourceVersion "1"]
[SourceVersionDate "2025.04.23"]
[SourceQuality "1"]

1. Nf3 Nf6 2. c4 e6 3. Nc3 d5 4. e3 c5 5. cxd5 exd5 6. Bb5+ Bd7 7. Bxd7+ Qxd7 8. d4 Nc6 9. 0-0 Bd6 10. dxc5 Bxc5 11. b3 0-0 12. Bb2 Rfd8 13. Rc1 Be7 14. Ne2 Ne4 15. a3 Rac8 16. b4 Bf6 17. Bxf6 Nxf6 18. h3 a5 19. b5 Ne7 20. Qa4 b6 21. Ne5 Qd6 22. Nc6 Nxc6 23. Rxc6 Rxc6 24. bxc6 Rc8 25. Rc1 Ne4 26. Qb5 Qxa3 27. Qxb6 Qd3 28. Nf4 Qa3 29. Rc2 g5 30. Qa6 Qa1+ 31. Kh2 Rc7 32. Nd3 Qd1 33. Rc1 Qd2 34. Qa8+ Kg7 35. Qd8 Rxc6 36. Rxc6 Qxd3 37. Rc8 Qd2 38. Qh8+ Kg6 39. Rc6+ f6 40. Qg8+ Kh6 41. Rc7 Qxf2 42. Rxh7# 1-0

[Event "EU-ch 25th"]
[Site "Eforie Nord"]
[Date "2025.03.22"]
[Round "7"]
[White "Svane, Frederik"]
[Black "Muradli, Mahammad"]
[Result "1-0"]
[WhiteElo "2654"]
[BlackElo "2584"]
[PlyCount "114"]
[EventDate "2025.03.15"]
[EventType "swiss"]
[EventRounds "11"]
[EventCountry "ROU"]
[SourceTitle "CB13_2025"]
[SourceDate "2025.03.26"]
[SourceVersion "1"]
[SourceVersionDate "2025.03.26"]
[SourceQuality "1"]

1. e4 c5 2. Nf3 d6 3. d4 cxd4 4. Nxd4 Nf6 5. Nc3 a6 6. Bc4 e6 7. Be3 Be7 8. Bb3 b5 9. a3 0-0 10. h4 Bb7 11. f3 d5 12. e5 Nfd7 13. f4 Nc6 14. Qg4 Kh8 15. h5 Nxd4 16. Bxd4 f5 17. Qh3 Nc5 18. 0-0 Rg8 19. Qe3 Rc8 20. Rf3 Qe8 21. Rh3 g5 22. hxg6 Qxg6 23. g3 Qg4 24. Kg2 a5 25. Nd1 Nxb3 26. cxb3 Rc2+ 27. Nf2 Re2 28. Qd3 Rxf2+ 29. Bxf2 d4+ 30. Kh2 Be4 31. Qd1 Rc8 32. Rh6 d3 33. Qxg4 fxg4 34. Rxe6 Rc2 35. Rxe7 Rxf2+ 36. Kg1 Rg2+ 37. Kf1 Rh2 38. f5 Bxf5 39. Kg1 Re2 40. Rf7 Rxe5 41. Rf1 Be6 42. Rf8+ Kg7 43. Rd8 Bf5 44. Rf4 h5 45. Rd6 Bg6 46. Rd7+ Kh6 47. Rf6 Kg5 48. Rb6 Be4 49. a4 bxa4 50. bxa4 Re8 51. Kf2 h4 52. Rb5+ Kf6 53. gxh4 Bf5 54. Rd6+ Re6 55. Rxe6+ Kxe6 56. Rb8 Ke5 57. Ke3 g3 1-0

[Event "EU-ch 25th"]
[Site "Eforie Nord"]
[Date "2025.03.17"]
[Round "3"]
[White "Muradli, Mahammad"]
[Black "Brunello, Sabino"]
[Result "1/2-1/2"]
[WhiteElo "2584"]
[BlackElo "2494"]
[PlyCount "76"]
[EventDate "2025.03.15"]
[EventType "swiss"]
[EventRounds "11"]
[EventCountry "ROU"]
[SourceTitle "CB13_2025"]
[SourceDate "2025.03.26"]
[SourceVersion "1"]
[SourceVersionDate "2025.03.26"]
[SourceQuality "1"]

1. b3 d5 2. Bb2 Bf5 3. d3 e6 4. Nd2 Nf6 5. g3 a5 6. Bg2 a4 7. e4 Bg6 8. Ne2 a3 9. Bxf6 Qxf6 10. exd5 exd5 11. Bxd5 Nc6 12. 0-0 0-0-0 13. Nf4 Kb8 14. Bg2 Nb4 15. Nc4 Bc5 16. Qd2 Bf5 17. Ne3 h5 18. Rad1 h4 19. Nxf5 Qxf5 20. c3 hxg3 21. hxg3 g5 22. cxb4 gxf4 23. Qxf4 Qxf4 24. gxf4 Bxb4 25. d4 Rh4 26. Rd3 Rxf4 27. Rfd1 Rd6 28. Bf3 Ba5 29. Kg2 Bb6 30. d5 Rg6+ 31. Kf1 Rh6 32. R1d2 Rh3 33. Kg2 Rh6 34. Rc2 Rg6+ 35. Kf1 Rgf6 36. Kg2 Rg6+ 37. Kf1 Rgf6 38. Kg2 Rg6+ 1/2-1/2

[Event "Titled Tuesday intern op 11th Mar Late"]
[Site "Chess.com INT"]
[Date "2025.03.11"]
[Round "1"]
[White "Kopczynski, Michal"]
[Black "Muradli, Mahammad"]
[Result "0-1"]
[WhiteElo "2225"]
[BlackElo "2584"]
[PlyCount "100"]
[EventDate "2025.03.11"]
[EventType "swiss (blitz)"]
[EventRounds "11"]
[EventCountry "USA"]
[SourceTitle "CB12_2025"]
[SourceDate "2025.03.19"]
[SourceVersion "1"]
[SourceVersionDate "2025.03.19"]
[SourceQuality "1"]

1. e4 c5 2. d4 cxd4 3. c3 Nf6 4. Bd3 dxc3 5. Nxc3 Nc6 6. f4 d6 7. Nf3 Bg4 8. 0-0 g6 9. Kh1 Bg7 10. Qe1 0-0 11. Qh4 Bxf3 12. Rxf3 Rc8 13. Be3 d5 14. e5 d4 15. exf6 Bxf6 16. Qh6 Bg7 17. Qh4 e6 18. Bf2 Qxh4 19. Bxh4 dxc3 20. bxc3 Bxc3 21. Rb1 Nd4 22. Rff1 b6 23. Rbc1 Nf5 24. Bf2 Rfd8 25. Ba6 Rc7 26. g4 Ne7 27. Bh4 Rdd7 28. Bb5 Rd5 29. Bxe7 Rxb5 30. Rf3 Rxe7 31. Rcxc3 Rd7 32. Kg2 Rd2+ 33. Kg3 Rbb2 34. f5 g5 35. Rfd3 Rxd3+ 36. Rxd3 exf5 37. gxf5 Rxa2 38. f6 h6 39. h4 gxh4+ 40. Kxh4 Rf2 41. Rd6 Kh7 42. Rd7 Rxf6 43. Rxa7 Kg6 44. Kg4 Rc6 45. Rb7 Rc4+ 46. Kf3 Rb4 47. Ke3 h5 48. Kd3 h4 49. Kc3 Rb5 50. Kc4 Rb1 0-1

[Event "Titled Tuesday intern op 11th Mar Late"]
[Site "Chess.com INT"]
[Date "2025.03.11"]
[Round "3"]
[White "Muradli, Mahammad"]
[Black "Perossa, Nicolas"]
[Result "1-0"]
[WhiteElo "2584"]
[BlackElo "2244"]
[PlyCount "47"]
[EventDate "2025.03.11"]
[EventType "swiss (blitz)"]
[EventRounds "11"]
[EventCountry "USA"]
[SourceTitle "CB12_2025"]
[SourceDate "2025.03.19"]
[SourceVersion "1"]
[SourceVersionDate "2025.03.19"]
[SourceQuality "1"]

1. g3 d5 2. Bg2 c5 3. d3 Nc6 4. Nf3 e5 5. 0-0 Be7 6. c4 d4 7. e3 Nf6 8. exd4 exd4 9. Re1 0-0 10. Bf4 Bd6 11. Ne5 Nxe5 12. Bxe5 Re8 13. Bxf6 Rxe1+ 14. Qxe1 Qxf6 15. Qe8+ Bf8 16. Nd2 Qe7 17. Re1 Qc7 18. Bd5 Rb8 19. Qe4 Bd7 20. Nf3 Bc6 21. Ng5 g6 22. Qh4 h6 23. Bxf7+ Kg7 24. Ne6+ 1-0

[Event "Chessable Masters Play In"]
[Site "Chess.com INT"]
[Date "2025.02.17"]
[Round "6"]
[White "Xu, Xiangyu"]
[Black "Muradli, Mahammad"]
[Result "0-1"]
[WhiteElo "2623"]
[BlackElo "2588"]
[PlyCount "148"]
[EventDate "2025.02.17"]
[EventType "swiss (blitz)"]
[EventRounds "9"]
[EventCountry "USA"]
[SourceTitle "CB08_2025"]
[SourceDate "2025.02.19"]
[SourceVersion "1"]
[SourceVersionDate "2025.02.19"]
[SourceQuality "1"]

1. d4 Nf6 2. c4 e6 3. Nc3 d5 4. cxd5 exd5 5. Bg5 Be7 6. e3 c6 7. Bd3 h6 8. Bf4 Bd6 9. Bxd6 Qxd6 10. Nf3 0-0 11. Qc2 a5 12. a3 Re8 13. 0-0 Nbd7 14. Rac1 Qe7 15. Nd2 b6 16. e4 dxe4 17. Ndxe4 Bb7 18. Rfe1 Nd5 19. Nxd5 cxd5 20. Qc7 dxe4 21. Qxb7 Nf6 22. Rc7 Qd6 23. Bc4 Reb8 24. Rxf7 Kh8 25. Qe7 Qxe7 26. Rxe7 Rd8 27. Rd1 Rac8 28. b3 a4 29. Rb7 Rd6 30. h3 h5 31. Bf7 axb3 32. Bxb3 Rc3 33. Rb1 Kh7 34. a4 h4 35. Rb2 Kh6 36. Rb8 e3 37. fxe3 Rxe3 38. Rh8+ Kg5 39. Bc2 Rxd4 40. Rb5+ Rd5 41. Rxb6 Re2 42. Bb3 Rdd2 43. Rb5+ Kf4 44. Kf1 Rf2+ 45. Ke1 Rxg2 46. Rxh4+ Kg3 47. Rc4 Rb2 48. Rg5+ Kxh3 49. Rxg2 Rxg2 50. a5 Rg3 51. Rb4 Re3+ 52. Kf2 Re7 53. a6 Ng4+ 54. Kf3 Ne5+ 55. Ke3 Ra7 56. Rb6 Kg3 57. Ke4 Nd7 58. Rg6+ Kf2 59. Kd4 Nf6 60. Bc4 Kf3 61. Kc5 Re7 62. Kb6 Nd7+ 63. Ka5 Ne5 64. Bd5+ Kf4 65. Re6 Rd7 66. Bb7 Rd1 67. Kb6 Ra1 68. Ka7 Rb1 69. Re7 Nc4 70. Rxg7 Na5 71. Rd7 Nc4 72. Kb8 Ne5 73. Rf7+ Nxf7 74. a7 Ne5 0-1

[Event "AZE-ch 79th"]
[Site "Baku"]
[Date "2025.02.06"]
[Round "2.4"]
[White "Muradli, Mahammad"]
[Black "Mamedov, Nidjat"]
[Result "1/2-1/2"]
[WhiteElo "2588"]
[BlackElo "2582"]
[PlyCount "85"]
[EventDate "2025.02.01"]
[EventType "k.o."]
[EventRounds "5"]
[EventCountry "AZE"]
[SourceTitle "CB08_2025"]
[SourceDate "2025.02.19"]
[SourceVersion "1"]
[SourceVersionDate "2025.02.19"]
[SourceQuality "1"]

1. d4 c5 2. d5 g6 3. c4 Bg7 4. e4 d6 5. Nc3 Bxc3+ 6. bxc3 Nf6 7. Bd3 Qa5 8. Ne2 Nbd7 9. f4 Nb6 10. a4 Bd7 11. 0-0 0-0-0 12. e5 Nh5 13. exd6 e6 14. dxe6 fxe6 15. Be3 Bc6 16. Qe1 Rxd6 17. Nc1 Nd7 18. Be2 Be4 19. Nb3 Qc7 20. Qf2 Rf8 21. Bxh5 gxh5 22. Bxc5 Nxc5 23. Qxc5 Rg8 24. Qxc7+ Kxc7 25. Rf2 Bd3 26. c5 Rd5 27. Re1 Kd7 28. Nd4 Re8 29. Re5 Bc4 30. Rb2 Ba6 31. h3 Rc8 32. c6+ bxc6 33. Nf3 c5 34. Rb1 Kd6 35. Rbe1 Rxe5 36. Rxe5 Bd3 37. Rxh5 Rb8 38. Ne5 Be4 39. Nc4+ Kc6 40. Na5+ Kb6 41. Nc4+ Kc6 42. Na5+ Kb6 43. Nc4+ 1/2-1/2

[Event "Titled Tuesday intern op 28th Jan Early"]
[Site "Chess.com INT"]
[Date "2025.01.28"]
[Round "4"]
[White "Janaszak, Dawid"]
[Black "Muradli, Mahammad"]
[Result "0-1"]
[WhiteElo "2306"]
[BlackElo "2588"]
[PlyCount "94"]
[EventDate "2025.01.28"]
[EventType "swiss (blitz)"]
[EventRounds "11"]
[EventCountry "USA"]
[SourceTitle "CB06_2025"]
[SourceDate "2025.02.05"]
[SourceVersion "1"]
[SourceVersionDate "2025.02.05"]
[SourceQuality "1"]

1. e4 Nc6 2. Nf3 d6 3. h3 Nf6 4. Nc3 g6 5. Bb5 Bg7 6. Bxc6+ bxc6 7. 0-0 0-0 8. Re1 c5 9. e5 Nd7 10. e6 fxe6 11. d4 cxd4 12. Nxd4 Bxd4 13. Qxd4 c5 14. Qe4 Nb6 15. Bh6 Rf7 16. Rad1 Bd7 17. Bg5 Qc7 18. Qh4 Re8 19. Qg3 e5 20. h4 Bc6 21. h5 Qc8 22. a4 Qf5 23. hxg6 Qxg6 24. a5 Nd7 25. Nd5 Bxd5 26. Rxd5 Nf6 27. Rd3 Ne4 28. Rxe4 Qxe4 29. Bh6+ Qg6 30. Qh4 Kh8 31. Rg3 Qxc2 32. Qg4 Qxf2+ 33. Kh2 Qf6 34. Bg5 Qf5 35. Qh4 Rg8 36. Rf3 Rxg5 37. Rxf5 Rfxf5 38. Qa4 Kg7 39. Qd7 Rf7 40. Qxa7 e4 41. a6 e3 42. Qb7 Rh5+ 43. Kg3 e2 44. Qe4 Re5 45. Qg4+ Kh6 46. Qh4+ Kg6 47. Qg4+ Rg5 0-1

[Event "Wch Blitz"]
[Site "New York"]
[Date "2024.12.30"]
[Round "3"]
[White "Matviishen, Viktor"]
[Black "Muradli, Mahammad"]
[Result "0-1"]
[WhiteElo "2566"]
[BlackElo "2588"]
[PlyCount "72"]
[EventDate "2024.12.30"]
[EventType "swiss (blitz)"]
[EventRounds "13"]
[EventCountry "USA"]
[SourceTitle "CB01_2025"]
[SourceDate "2025.01.01"]
[SourceVersion "1"]
[SourceVersionDate "2025.01.01"]
[SourceQuality "1"]

1. d4 Nf6 2. c4 e6 3. Nc3 Bb4 4. e3 0-0 5. Bd3 d5 6. Nf3 dxc4 7. Bxc4 b6 8. 0-0 Bb7 9. Qe2 Nbd7 10. Rd1 Qe7 11. a3 Bxc3 12. bxc3 Ne4 13. Bb2 c5 14. Bd3 Rac8 15. Rac1 Rfd8 16. c4 h6 17. h3 Nd6 18. a4 Be4 19. Bxe4 Nxe4 20. d5 Ndf6 21. dxe6 Qxe6 22. Ne5 Ne8 23. a5 bxa5 24. Ra1 f6 25. Ng6 N8d6 26. Rxa5 Qf7 27. Qh5 Nxc4 28. Rxd8+ Rxd8 29. Ra4 Nxf2 30. Kxf2 Nxb2 31. Re4 Nd3+ 32. Kg1 Ne5 33. Nf4 Qxh5 34. Nxh5 c4 35. Nf4 c3 36. Ne2 c2 0-1